UITU Library & LRC     

Baron's How to Prepare For The College Board Achievement Tests Physics (Record no. 6180)

MARC details
000 -LEADER
fixed length control field 00516nam a2200181Ia 4500
008 - FIXED-LENGTH DATA ELEMENTS--GENERAL INFORMATION
fixed length control field 240925s9999 xx 000 0 und d
020 ## - INTERNATIONAL STANDARD BOOK NUMBER
International Standard Book Number 081202768X
082 ## - DEWEY DECIMAL CLASSIFICATION NUMBER
Classification number 530.076 GEW
100 ## - MAIN ENTRY--PERSONAL NAME
Personal name Gewirtz, Herman
245 #0 - TITLE STATEMENT
Title Baron's How to Prepare For The College Board Achievement Tests Physics
250 ## - EDITION STATEMENT
Edition statement 4th
260 ## - PUBLICATION, DISTRIBUTION, ETC.
Place of publication, distribution, etc. New York:
Name of publisher, distributor, etc. Barrons Educa Series
Date of publication, distribution, etc. ,1993.
300 ## - PHYSICAL DESCRIPTION
Extent xii,540p.
Other physical details NA
Type of unit Photocopy
500 ## - GENERAL NOTE
General note Includes Index
600 ## - SUBJECT ADDED ENTRY--PERSONAL NAME
Personal name Humanities & Natural Science
650 ## - SUBJECT ADDED ENTRY--TOPICAL TERM
Topical term or geographic name entry element Physics
942 ## - ADDED ENTRY ELEMENTS (KOHA)
Koha item type Books
Holdings
Withdrawn status Lost status Damaged status Not for loan Collection Home library Current library Date acquired Source of acquisition Total checkouts Full call number Barcode Date last seen Price effective from Koha item type
        Humanities & Basic Sciences UITU Library UITU Library 02/04/2001 NA   530.076 GEW Q3681 09/25/2024 09/25/2024 Books

Powered by Koha